Normal view
MARC view
- Rosenberg, Jonathan B.
Entry Personal Name
001 - CONTROL NUMBER
- control field: 95326
003 - CONTROL NUMBER IDENTIFIER
- control field: NUST
005 - DATE AND TIME OF LATEST TRANSACTION
- control field: 20220726160424.0
008 - FIXED-LENGTH DATA ELEMENTS
- fixed length control field: 220726|| aca||aabn | a|a d
040 ## - CATALOGING SOURCE
- Original cataloging agency: NUST
- Transcribing agency: NUST
100 ## - HEADING--PERSONAL NAME
- Personal name: Rosenberg, Jonathan B.
670 ## - SOURCE DATA FOUND
- Source citation: Work cat.: (NUST)219424: Rosenberg, Jonathan B.,, Securing Web services with WS-Security :, c2004.
